000 01355nam0a22002771 4500
001 v19\rc\1791238
005 20260406085827.0
035 _a(NLR Aleph) 004882680
090 _a5186921
_c5186921
100 _a20061204d1905 |||y0rusy50 ca
101 0 _arus
102 _aRU
105 _ay z |||||
200 1 _aЧувашские языческие имена
210 _aКазань
_cтип. Ун-та
_d1905
215 _a101 с.
_d24
300 _aПеред загл. авт.: В.К. Магницкий
311 _aПрил. к т. 21, вып. 2, 3, 4 Известий О-ва археологии, истории и этнографии при Казанск. ун-те. 1905
320 _aБиблиогр. в примеч.
422 0 _12001#$aИзвестия Общества археологии, истории и этнографии при Казанском университете$v1905, т. 21, вып. 2, 3, 4
_tИзвестия Общества археологии, истории и этнографии при Казанском университете
700 1 _7ca
_8rus
_aМагницкий
_bВ. К.
_f1839-1901
_gВасилий Константинович
_3RU\NLR\AUTH\770280414
_92652381
801 0 _aRU
_bNLR
_gpsbo
801 1 _aRU
_bProSoft-M
_2rusmarc
852 _aNLR
_j38.47.5.47
942 _cBOOK
980 _aNB